[Event "4NCL/Div4/BRJ vs. AMCAD"]
[Site "Sunningdale ENG"]
[Date "2008.03.16"]
[Round "8.1"]
[White "Girdlestone, Paul"]
[Black "Norman, Kenneth I"]
[Result "1/2-1/2"]
[WhiteElo "2240"]
[BlackElo "2154"]
[PlyCount "135"]
[EventDate "2008.03.16"]
[EventType "team"]
[EventRounds "11"]
[EventCountry "ENG"]
[SourceDate "2007.09.15"]

1. d4 Nf6 2. Nf3 g6 3. g3 Bg7 4. Bg2 d5 5. O-O c6 6. Nbd2 O-O 7. Re1 Bf5 8. c3
Ne4 9. Nh4 Nxd2 10. Nxf5 gxf5 11. Bxd2 Nd7 12. Qb3 Qb6 13. Bf4 Qxb3 14. axb3 e6
15. Ra5 a6 16. Rea1 Rac8 17. f3 Rfe8 18. e4 fxe4 19. fxe4 dxe4 20. Bxe4 Nf6 21.
Bf3 Nd5 22. Bd2 Rcd8 23. Re1 Nc7 24. Bg5 Rd7 25. Kg2 Nb5 26. Raa1 Kf8 27. Rad1
Rc8 28. Rd2 Kg8 29. Bg4 Re8 30. Rde2 Kf8 31. Rf1 Kg8 32. Ref2 Nc7 33. Bh5 Rf8
34. Bf6 Nd5 35. Bxg7 Kxg7 36. Re1 Nc7 37. Bf3 Nb5 38. Re5 h6 39. h4 Nc7 40. Bh5
Rd5 41. Rfe2 Rxe5 42. Rxe5 Nd5 43. Be2 Rd8 44. Kf3 Rd6 45. Bd3 Nf6 46. Be2 Nd7
47. Ra5 Kf6 48. Ke4 Kg7 49. g4 f6 50. c4 Nf8 51. g5 hxg5 52. hxg5 Ng6 53. gxf6+
Kxf6 54. Rh5 Rd7 55. Bg4 Re7 56. Rh1 Rg7 57. Bh5 Nf8 58. Bf3 Ng6 59. Rf1 Nf8
60. b4 Ke7 61. Rh1 Nd7 62. Ke3 Nf8 63. b5 axb5 64. cxb5 Kd6 65. Rh5 Nd7 66.
bxc6 bxc6 67. Ra5 Nf6 68. Rc5 1/2-1/2

[Event "4NCL/Div4/BRJ vs. AMCAD"]
[Site "Sunningdale ENG"]
[Date "2008.03.16"]
[Round "8.2"]
[White "Bonafont, Philip"]
[Black "Richmond, Peter A"]
[Result "1/2-1/2"]
[WhiteElo "2103"]
[BlackElo "2268"]
[PlyCount "89"]
[EventDate "2008.03.16"]
[EventType "team"]
[EventRounds "11"]
[EventCountry "ENG"]
[SourceDate "2007.09.15"]

1. d4 d5 2. Nf3 c6 3. c4 e6 4. Nc3 dxc4 5. a4 Bb4 6. e3 b5 7. Bd2 Bb7 8. axb5
Bxc3 9. Bxc3 cxb5 10. b3 a5 11. d5 Nf6 12. bxc4 b4 13. Bxf6 Qxf6 14. Qa4+ Nd7
15. Nd4 Bc8 16. Qc6 Rb8 17. Rxa5 O-O 18. Be2 b3 19. O-O b2 20. Rb5 Ne5 21. Qc7
Rxb5 22. cxb5 exd5 23. Qc2 Nc4 24. Bxc4 dxc4 25. Qxb2 Bb7 26. Qc3 Rc8 27. Rc1
h5 28. Qb4 Qg5 29. g3 Qd5 30. f3 g5 31. Qe7 g4 32. Qf6 Rc5 33. e4 Qe5 34. Qxe5
Rxe5 35. fxg4 hxg4 36. Nf5 Rxb5 37. Nd6 Rb6 38. Nxb7 Rxb7 39. Rxc4 Rb1+ 40. Kf2
Rb2+ 41. Ke3 Rxh2 42. Kf4 Kg7 43. Kxg4 Ra2 44. Rc5 Ra6 45. Kf4 1/2-1/2

[Event "4NCL/Div4/BRJ vs. AMCAD"]
[Site "Sunningdale ENG"]
[Date "2008.03.16"]
[Round "8.3"]
[White "Richmond, Jane"]
[Black "Purdon, Colin"]
[Result "1/2-1/2"]
[WhiteElo "2148"]
[BlackElo "2125"]
[PlyCount "66"]
[EventDate "2008.03.16"]
[EventType "team"]
[EventRounds "11"]
[EventCountry "ENG"]
[SourceDate "2007.09.15"]

1. e4 e5 2. Nc3 Nf6 3. g3 d5 4. exd5 Nxd5 5. Bg2 Be6 6. Qe2 Nc6 7. Nf3 Nxc3 8.
bxc3 Bd6 9. d4 exd4 10. O-O dxc3 11. Ng5 Nd4 12. Qe4 Be7 13. Nxe6 Nxe6 14. Qxb7
Rb8 15. Qxa7 O-O 16. Be3 Rb2 17. Rfd1 Qb8 18. Qa4 Bf6 19. a3 c5 20. Be4 Nd4 21.
Bxd4 Bxd4 22. Bd3 Qb7 23. Re1 Qf3 24. Re2 h5 25. Rae1 h4 26. Be4 Qg4 27. Re3 g6
28. Rf3 h3 29. Rf4 Qe2 30. Rf1 Kg7 31. Bd3 Qe6 32. Bc4 Qc8 33. Bd5 Qd8 1/2-1/2

[Event "4NCL/Div4/BRJ vs. AMCAD"]
[Site "Sunningdale ENG"]
[Date "2008.03.16"]
[Round "8.4"]
[White "Morris-Hill, Ray"]
[Black "Haydon, Richard"]
[Result "0-1"]
[WhiteElo "2129"]
[BlackElo "2186"]
[PlyCount "136"]
[EventDate "2008.03.16"]
[EventType "team"]
[EventRounds "11"]
[EventCountry "ENG"]
[SourceDate "2007.09.15"]

1. d4 d6 2. Nf3 g6 3. e4 Bg7 4. Be3 c6 5. Nc3 d5 6. exd5 cxd5 7. Bb5+ Nc6 8.
O-O Bg4 9. h3 Bxf3 10. Qxf3 e6 11. Rad1 Rc8 12. Rfe1 Nge7 13. Bg5 O-O 14. Bxc6
bxc6 15. Bf6 Bxf6 16. Qxf6 c5 17. Ne2 Nf5 18. Qxd8 Rfxd8 19. c3 Rb8 20. b3 Rdc8
21. Rc1 a5 22. Red1 a4 23. bxa4 Ra8 24. c4 cxd4 25. cxd5 Rxc1 26. Rxc1 e5 27.
Rc4 Ra5 28. g4 Nd6 29. Rc6 Rxd5 30. a5 d3 31. Nc3 d2 32. Nd1 Nb5 33. a6 Rd7 34.
Kf1 Nd4 35. Rc5 Ra7 36. Ra5 Kg7 37. a3 Kf6 38. Ra4 Ke6 39. Ne3 Kd7 40. Nd1 Kc6
41. f4 f6 42. Kf2 Ne6 43. fxe5 fxe5 44. Ke3 Nc5 45. Rc4 Rxa6 46. Rc3 Kb5 47.
Nf2 Rf6 48. Nd1 Rd6 49. Ke2 Rd4 50. Rc2 Nb3 51. Nc3+ Ka5 52. Rb2 d1=Q+ 53. Nxd1
Nc1+ 54. Ke3 Rxd1 55. Rb1 Ka4 56. Rb7 Rd3+ 57. Ke4 Rxh3 58. Ra7+ Kb5 59. Kxe5
Kb6 60. Ra8 Nd3+ 61. Kf6 Nf2 62. Ra4 Rg3 63. Kg7 h5 64. gxh5 gxh5+ 65. Kh6 Rg4
66. Ra8 h4 67. Rf8 Rg2 68. Rf6+ Kc7 0-1

[Event "4NCL/Div4/BRJ vs. AMCAD"]
[Site "Sunningdale ENG"]
[Date "2008.03.16"]
[Round "8.5"]
[White "Bourne, Johnathan"]
[Black "Duvall, Ian"]
[Result "0-1"]
[WhiteElo "2087"]
[BlackElo "2045"]
[PlyCount "174"]
[EventDate "2008.03.16"]
[EventType "team"]
[EventRounds "11"]
[EventCountry "ENG"]
[SourceDate "2007.09.15"]

1. d4 d5 2. Bg5 g6 3. Nf3 Bg7 4. e3 Nf6 5. c4 O-O 6. Nc3 dxc4 7. Bxc4 c5 8. O-O
cxd4 9. Nxd4 Qc7 10. Qe2 Nc6 11. Nxc6 Qxc6 12. Rac1 Be6 13. Bxe6 Qxe6 14. b3
Rac8 15. Bh4 a6 16. Qf3 Rc6 17. Ne2 Ne4 18. Nf4 Rxc1 19. Rxc1 Rc8 20. Qd1 Rxc1
21. Qxc1 Qd7 22. Ne2 h6 23. f3 Qd3 24. fxe4 Qxe2 25. a4 Qg4 26. Bxe7 Qxe4 27.
Ba3 Kh7 28. Kf2 Be5 29. Bb2 Qh4+ 30. Ke2 Qxh2 31. Bxe5 Qxe5 32. Qc4 Qb2+ 33.
Kf3 Qf6+ 34. Ke2 Qf5 35. g4 Qe6 36. Qb4 Qd5 37. Kf2 Kg7 38. Qc3+ Kh7 39. Qb4
Kg8 40. Qc3 Qe6 41. Qb4 Qc6 42. Kg3 Qd5 43. Kf2 {=} Qc6 44. Kg3 b6 45. Qd4 Qc5
46. Qd3 a5 47. Kf3 Kg7 48. Kf2 Qg5 49. Qc4 Qh4+ 50. Kg2 h5 51. Qd4+ Qf6 52. Qc4
hxg4 53. Qxg4 Qb2+ 54. Kf3 Qxb3 55. Qd4+ f6 56. Qd7+ Qf7 57. Qc6 Qa7 58. e4 g5
59. Kg4 Qe7 60. Kf3 Qa3+ 61. Kg4 Qe3 62. Qd7+ Kh6 63. Qf5 Qg1+ 64. Kh3 Qh1+ 65.
Kg3 Qh4+ 66. Kf3 Qh1+ 67. Kg3 Qg1+ 68. Kh3 Qe3+ 69. Kg4 Qd4 70. Qf3 Kg7 71. Qf5
Qxa4 72. Qe6 Qd1+ 73. Kg3 Qd8 74. e5 Qd3+ 75. Kg4 Qe4+ 76. Kh3 Qxe5 77. Qxb6
Qf5+ 78. Kg3 g4 79. Qc7+ Kg6 80. Kg2 g3 81. Qc6 Qf2+ 82. Kh3 Kg5 83. Qc1+ Qf4
84. Qa3 Qh4+ 85. Kg2 Qh2+ 86. Kf3 Qf2+ 87. Ke4 Qf5+ 0-1

[Event "4NCL/Div4/BRJ vs. AMCAD"]
[Site "Sunningdale ENG"]
[Date "2008.03.16"]
[Round "8.6"]
[White "Staples, Daniel J"]
[Black "Tomboline, David"]
[Result "1/2-1/2"]
[WhiteElo "2045"]
[BlackElo "2027"]
[PlyCount "61"]
[EventDate "2008.03.16"]
[EventType "team"]
[EventRounds "11"]
[EventCountry "ENG"]
[SourceDate "2007.09.15"]

1. e4 e6 2. d4 d5 3. Nc3 dxe4 4. Nxe4 Bd7 5. Bd3 Bc6 6. Nf3 Nd7 7. O-O Be7 8.
Ne5 Nxe5 9. dxe5 Bxe4 10. Bxe4 Qxd1 11. Rxd1 c6 12. Be3 a6 13. Bb6 Bd8 14. Bc5
Bc7 15. Bd6 O-O-O 16. c4 Bxd6 17. exd6 Nf6 18. Bf3 c5 {=} 19. a3 Ne8 20. d7+
Rxd7 21. Rxd7 Kxd7 22. Bxb7 a5 23. Rd1+ Kc7 24. Bf3 Nd6 25. b3 Rb8 26. Rd3 Nf5
27. g4 Nd4 28. Bd1 h6 29. f4 Kd6 30. Kf2 f6 31. Ke3 1/2-1/2

[Event "4NCL/Div4/CELT1 vs. BCA"]
[Site "Sunningdale ENG"]
[Date "2008.03.16"]
[Round "8.1"]
[White "Wippermann, Till"]
[Black "Crouch, Colin"]
[Result "1/2-1/2"]
[WhiteElo "2435"]
[BlackElo "2357"]
[PlyCount "132"]
[EventDate "2008.03.16"]
[EventType "team"]
[EventRounds "11"]
[EventCountry "ENG"]
[SourceDate "2007.09.15"]

1. e4 c5 2. Nf3 e6 3. d4 cxd4 4. Nxd4 Nf6 5. Nc3 d6 6. g3 Be7 7. Bg2 O-O 8. O-O
a6 9. Be3 Nbd7 10. Qe2 Qc7 11. g4 Ne5 12. g5 Nfg4 13. Bc1 d5 14. h3 Nc6 15.
Qxg4 Nxd4 16. Qd1 Nxc2 17. Qxc2 d4 18. e5 dxc3 19. Qxc3 Qxc3 20. bxc3 Bc5 21.
Be3 Bxe3 22. fxe3 Rb8 23. Rfd1 b5 24. Rd6 Bb7 25. Bxb7 Rxb7 26. Rxa6 Rc8 27. a4
bxa4 28. R1xa4 Rbc7 29. c4 {=} g6 30. Kf2 Rxc4 31. Kf3 Kg7 32. Ra7 R8c5 33.
Rxc4 Rxc4 34. Ra5 Rc1 35. Kf2 h6 36. gxh6+ Kxh6 37. Ra7 Kg7 38. Kg3 Rc5 39. Kf4
Rc4+ 40. e4 Rc1 41. Ra8 Rf1+ 42. Kg4 Rg1+ 43. Kf4 g5+ 44. Kf3 Rf1+ 45. Kg4 Rf4+
46. Kxg5 Rxe4 47. Ra5 Re1 48. Kf4 Kg6 49. Ra3 Kh5 50. Rb3 Ra1 51. Rb8 Ra4+ 52.
Kf3 Kg5 53. Rf8 Rf4+ 54. Ke3 Rf1 55. Ke4 Re1+ 56. Kf3 Ra1 57. Ke4 Ra4+ 58. Kf3
Kg6 59. Rh8 Kg7 60. Rh5 Ra1 61. Kg4 Rg1+ 62. Kf4 Kg6 63. Rh8 Rf1+ 64. Kg4 Rf5
65. Rg8+ Kh6 66. Rh8+ Kg6 1/2-1/2

[Event "4NCL/Div4/CELT1 vs. BCA"]
[Site "Sunningdale ENG"]
[Date "2008.03.16"]
[Round "8.2"]
[White "Mordue, A Tyson"]
[Black "Hoffmann, Hendrik"]
[Result "1-0"]
[WhiteElo "2302"]
[BlackElo "2283"]
[PlyCount "71"]
[EventDate "2008.03.16"]
[EventType "team"]
[EventRounds "11"]
[EventCountry "ENG"]
[SourceDate "2007.09.15"]

1. e4 c5 2. Nf3 d6 3. d4 cxd4 4. Nxd4 Nf6 5. Nc3 a6 6. Bg5 e6 7. f4 Nc6 8. Qd2
h6 9. Bxf6 Qxf6 10. Nf3 Qd8 11. O-O-O b5 12. Qe3 Qa5 {=} 13. Kb1 Bb7 14. Nd2
Be7 15. Be2 Rc8 16. h4 Qc7 17. Nb3 Na5 18. Nxa5 Qxa5 19. Bf3 b4 20. Ne2 Qc5 21.
Qd2 O-O 22. Nd4 Bf6 23. Nb3 Qc7 24. g4 g6 25. g5 hxg5 26. hxg5 Bg7 27. Rh3 f5
28. gxf6 Rxf6 29. Rg3 a5 30. Nd4 Qf7 31. Rdg1 e5 32. fxe5 dxe5 33. Nf5 Rxf5 34.
exf5 e4 35. Rxg6 exf3 36. f6 1-0

[Event "4NCL/Div4/CELT1 vs. BCA"]
[Site "Sunningdale ENG"]
[Date "2008.03.16"]
[Round "8.3"]
[White "Kemp, Peter D"]
[Black "Ross, Chris"]
[Result "1/2-1/2"]
[WhiteElo "2178"]
[BlackElo "2141"]
[PlyCount "109"]
[EventDate "2008.03.16"]
[EventType "team"]
[EventRounds "11"]
[EventCountry "ENG"]
[SourceDate "2007.09.15"]

1. d4 Nf6 2. c4 e6 3. Nf3 Bb4+ 4. Bd2 Bxd2+ 5. Nbxd2 d6 6. g3 O-O 7. Bg2 Qe7 8.
O-O e5 9. e4 a5 10. d5 Ne8 11. Ne1 f5 12. exf5 Bxf5 13. Qe2 Rf7 14. Rc1 Nd7 15.
Rc3 Nef6 16. Re3 Nc5 17. f3 b6 18. Ne4 Ncxe4 19. fxe4 Bg4 20. Bf3 Bd7 21. Nc2
Raf8 22. Bg2 Bg4 23. Qd3 Nd7 24. Ree1 Nc5 25. Qe3 Rxf1+ 26. Rxf1 Rxf1+ 27. Bxf1
Qe8 28. b3 Qh5 29. Bg2 h6 30. Na3 Bd7 31. Bf3 Qe8 32. Be2 Qg6 33. Bf3 Qe8 34.
Be2 Kh7 35. Nb1 g5 36. Nc3 Qg6 37. Bf3 g4 38. Bg2 h5 39. Qf2 Kg7 40. Qe3 Kh7
41. Qf2 Kg7 42. Qe3 Qf6 43. Bf1 Kg6 44. Nd1 Qg5 45. Kf2 h4 46. Qxg5+ Kxg5 47.
Ke3 Na6 48. Nc3 Nb4 49. Bd3 Na6 50. Bb1 hxg3 {=} 51. hxg3 c5 52. a3 Kf6 53. Bd3
Nc7 54. Kd2 Kg5 55. Be2 1/2-1/2

[Event "4NCL/Div4/CELT1 vs. BCA"]
[Site "Sunningdale ENG"]
[Date "2008.03.16"]
[Round "8.4"]
[White "Lilley, Graham"]
[Black "Josse, Mark"]
[Result "1/2-1/2"]
[WhiteElo "2129"]
[BlackElo "2140"]
[PlyCount "124"]
[EventDate "2008.03.16"]
[EventType "team"]
[EventRounds "11"]
[EventCountry "ENG"]
[SourceDate "2007.09.15"]

1. d4 d5 2. c4 c6 3. e3 Nf6 4. Nc3 e6 5. Nf3 Nbd7 6. Bd3 dxc4 7. Bxc4 b5 8. Bd3
Bb7 9. O-O a6 10. e4 c5 11. d5 Qc7 12. dxe6 fxe6 13. Ng5 Qc6 14. f3 h6 15. Nh3
O-O-O 16. Qe2 c4 17. Bc2 e5 18. Be3 Bc5 19. Nf2 g5 20. Rfd1 Bxe3 21. Qxe3 Qc5
22. Qxc5+ Nxc5 23. Rxd8+ Rxd8 24. Rd1 Ne6 25. Rxd8+ Kxd8 26. Kf1 Kc7 27. Ke1
Kd6 28. Ne2 Kc5 29. Ng3 Nf4 30. Kf1 Bc8 31. Ne2 Ne6 32. Ke1 Nd4 33. Kd2 Nxe2
34. Kxe2 Kd4 35. Nd1 Bd7 36. Ne3 h5 37. Kd2 a5 38. Nf5+ Kc5 39. g3 b4 40. Ke3
a4 41. h4 gxh4 42. Nxh4 a3 43. bxa3 bxa3 44. Ng6 Kb4 45. Kd2 Be6 46. Nxe5 c3+
47. Ke3 Bxa2 48. Kd4 Bc4 49. Nc6+ Kb5 50. Na7+ Kb4 51. Nc6+ Kb5 52. Na7+ Kb6
53. Kxc3 a2 54. Kb2 Kxa7 55. f4 Bf7 56. e5 Ng4 57. Bf5 Ne3 58. e6 Be8 59. Bh3
a1=Q+ 60. Kxa1 Kb6 61. f5 Nd5 62. g4 hxg4 1/2-1/2

[Event "4NCL/Div4/CELT1 vs. BCA"]
[Site "Sunningdale ENG"]
[Date "2008.03.16"]
[Round "8.5"]
[White "Thomas, Robert K"]
[Black "Hilton, Steve"]
[Result "1-0"]
[WhiteElo "2130"]
[BlackElo "1946"]
[PlyCount "93"]
[EventDate "2008.03.16"]
[EventType "team"]
[EventRounds "11"]
[EventCountry "ENG"]
[SourceDate "2007.09.15"]

1. d4 Nf6 2. c4 g6 3. Nc3 Bg7 4. e4 d6 5. f3 O-O 6. Bg5 c5 7. d5 e6 8. Qd2 exd5
9. cxd5 Qa5 10. Nge2 b5 11. Qf4 Nh5 12. Qd2 b4 13. Nd1 Qc7 14. g4 Nf6 15. Ng3
Re8 16. Be2 Ba6 17. Bxa6 Nxa6 18. h4 Nd7 19. O-O Ne5 20. Rc1 Rac8 21. Ne3 Qb6
22. Kg2 Qb5 23. b3 h6 24. Bf4 Qd7 25. Nc4 Kh7 26. Nxe5 dxe5 27. Be3 Qd6 28. h5
g5 29. Nf5 Qd7 30. Qd3 Re6 31. Rc2 Rb6 32. Rfc1 Bf8 33. Qe2 Rb5 34. Rc4 f6 35.
R4c2 Ra5 36. d6 Qe6 37. Rd1 Qd7 38. Qc4 Re8 39. Rcd2 Re6 40. Rd5 Rxa2+ 41. Kg3
Ra5 42. Bxc5 Re8 43. Be3 Rc8 44. Qxc8 Qxc8 45. Rxa5 Nb8 46. Rxa7+ Nd7 47. Rc1
1-0

[Event "4NCL/Div4/CELT1 vs. BCA"]
[Site "Sunningdale ENG"]
[Date "2008.03.16"]
[Round "8.6"]
[White "Burnell, Steve"]
[Black "French, Angus"]
[Result "0-1"]
[WhiteElo "1935"]
[BlackElo "2115"]
[PlyCount "140"]
[EventDate "2008.03.16"]
[EventType "team"]
[EventRounds "11"]
[EventCountry "ENG"]
[SourceDate "2007.09.15"]

1. d4 d5 2. c4 c6 3. cxd5 cxd5 4. Nc3 e5 5. dxe5 d4 6. Ne4 Nc6 7. Nd6+ Bxd6 8.
exd6 Qxd6 9. Nf3 Nf6 10. g3 O-O 11. Bg2 Qb4+ 12. Qd2 d3 13. a3 Qxd2+ 14. Bxd2
dxe2 15. Kxe2 Re8+ 16. Be3 b6 17. Rhd1 Ba6+ 18. Ke1 Ng4 19. Rac1 Na5 20. Ng5
Nxe3 21. fxe3 Rxe3+ 22. Kf2 Re2+ 23. Kg1 Bb7 24. Bxb7 Nxb7 25. Rc7 Nc5 26. Nxf7
Rf8 27. Rd8 Rxd8 28. Nxd8 a5 29. b4 axb4 30. axb4 Nd3 31. Nc6 Ne5 32. Nxe5 Rxe5
33. Rb7 {=} Rb5 34. Kf2 Rxb4 35. Ke3 h6 36. h4 Kh7 37. h5 Rb1 38. g4 b5 39. Rb6
b4 40. Kd2 b3 41. Kc3 Kg8 42. Rb8+ Kf7 43. Rb6 Rf1 44. Rb7+ Kf6 45. Rb6+ Kf7
46. Rb7+ Kg8 47. Rb8+ Rf8 48. Rb6 Rf3+ 49. Kb2 Rg3 50. Rg6 Kf7 51. Ka3 Rf3 52.
Rb6 Rf4 53. Rb7+ Kg8 54. Rb8+ Kh7 55. Rxb3 Rxg4 56. Rh3 Kg8 57. Kb3 Kf7 58.
Rf3+ Ke6 59. Re3+ Kf5 60. Re7 Rg5 61. Rc7 Kg4 62. Kc3 Kxh5 63. Kd3 Kg6 64. Ke3
Rf5 65. Ke4 Rf8 66. Rc1 h5 67. Rc6+ Kg5 68. Rc1 Kh6 69. Rc6+ g6 70. Rc1 h4 0-1

[Event "4NCL/Div4/PONTY vs. NOTT1"]
[Site "Sunningdale ENG"]
[Date "2008.03.16"]
[Round "8.1"]
[White "James, Stephen C"]
[Black "Richmond, Robert J"]
[Result "0-1"]
[WhiteElo "2130"]
[BlackElo "2260"]
[PlyCount "58"]
[EventDate "2008.03.16"]
[EventType "team"]
[EventRounds "11"]
[EventCountry "ENG"]
[SourceDate "2007.09.15"]

1. d4 Nf6 2. Nf3 b6 3. g3 Bb7 4. Bg2 e6 5. O-O Be7 6. c4 O-O 7. Nc3 d6 8. Qc2
c5 9. dxc5 bxc5 10. Rd1 Nc6 11. Bg5 Qb8 12. Rd2 h6 13. Bxf6 Bxf6 14. Rad1 Be7
15. e4 e5 16. Nd5 Bd8 17. Bh3 Nd4 18. Nxd4 cxd4 19. Qa4 a5 20. Bd7 Bxd5 21.
cxd5 Bb6 22. Bc6 Ra7 23. Qb5 Qd8 24. h4 f5 25. Qe2 Raf7 26. Bb5 f4 27. Bd3 Qd7
28. Kh2 Bd8 29. Bb5 fxg3+ 0-1

[Event "4NCL/Div4/PONTY vs. NOTT1"]
[Site "Sunningdale ENG"]
[Date "2008.03.16"]
[Round "8.2"]
[White "Mercs, Peter J"]
[Black "Sully, David"]
[Result "0-1"]
[WhiteElo "2086"]
[BlackElo "2112"]
[PlyCount "76"]
[EventDate "2008.03.16"]
[EventType "team"]
[EventRounds "11"]
[EventCountry "ENG"]
[SourceDate "2007.09.15"]

1. e4 e6 2. Nf3 d5 3. e5 c5 4. b4 cxb4 5. d4 Ne7 6. a3 Nf5 7. axb4 Bxb4+ 8. c3
Be7 9. Bd3 Nc6 10. O-O g6 11. Na3 h5 12. Nc2 Bd7 13. Bd2 b6 14. c4 Rc8 15. Bxf5
gxf5 16. cxd5 exd5 17. Bf4 Be6 18. Ne3 Qd7 19. h4 a5 20. Ng5 Nb4 21. Qf3 Rc3
22. Nxe6 fxe6 23. Qg3 Kf7 24. Bg5 Bxg5 25. hxg5 Kg6 26. Rac1 Rhc8 27. Rxc3 Rxc3
28. Qh2 Qd8 29. g3 Qxg5 30. Ng2 Nd3 31. f4 Qd8 32. Nh4+ Kh6 33. g4 fxg4 34. f5
Qg5 35. fxe6 Rc1 36. Nf5+ Kh7 37. Rxc1 Qxc1+ 38. Kg2 Qd2+ 0-1

[Event "4NCL/Div4/PONTY vs. NOTT1"]
[Site "Sunningdale ENG"]
[Date "2008.03.16"]
[Round "8.3"]
[White "Adams, Mark A"]
[Black "Truman, Richard G"]
[Result "1/2-1/2"]
[WhiteElo "2022"]
[BlackElo "2031"]
[PlyCount "109"]
[EventDate "2008.03.16"]
[EventType "team"]
[EventRounds "11"]
[EventCountry "ENG"]
[SourceDate "2007.09.15"]

1. e4 c5 2. Nf3 d6 3. d4 cxd4 4. Nxd4 Nf6 5. Nc3 a6 6. Be3 e6 7. f3 b5 8. Qd2
Nbd7 9. O-O-O Nb6 10. Qf2 Nfd7 11. f4 Bb7 12. f5 e5 13. Ne6 fxe6 14. fxe6 Qf6
15. Bxb6 Qxe6 16. Nd5 Bxd5 17. exd5 Qf7 18. Qxf7+ Kxf7 19. Be3 Be7 20. g3 Bf6
21. Bh3 Ke7 22. Rhf1 Rab8 23. Bf5 Nb6 24. b3 Na8 25. g4 h6 26. Bg6 Rhf8 27. Be4
Nc7 28. c3 Bh4 29. Kc2 Ne8 30. Rxf8 Kxf8 31. Bf5 Ke7 32. c4 bxc4 33. bxc4 Bf6
34. Rb1 Rxb1 35. Kxb1 Bg5 36. Bb6 Nf6 37. h3 Nd7 38. Ba7 Bd2 39. Bxd7 Kxd7 40.
Kc2 Bb4 41. Kd3 Ke7 42. Ke4 Kf6 {=} 43. Bb6 Ba3 44. h4 Bb4 45. Be3 Ba3 46. Bb6
Bb4 47. Bd8+ Kf7 48. Kf5 Bc5 49. h5 Bd4 50. a4 Bc5 51. a5 Ba3 52. Bb6 Ke7 53.
Kg6 Kf8 54. Kf5 Ke7 55. Kg6 1/2-1/2

[Event "4NCL/Div4/PONTY vs. NOTT1"]
[Site "Sunningdale ENG"]
[Date "2008.03.16"]
[Round "8.4"]
[White "Kingston, Ian"]
[Black "Davis, Lee"]
[Result "1/2-1/2"]
[WhiteElo "2025"]
[BlackElo "2056"]
[PlyCount "37"]
[EventDate "2008.03.16"]
[EventType "team"]
[EventRounds "11"]
[EventCountry "ENG"]
[SourceDate "2007.09.15"]

1. e4 d6 2. d4 Nf6 3. Nc3 g6 4. f3 c6 5. Be3 b5 6. Qd2 Nbd7 7. Bd3 Bb7 8. h4
Nb6 9. Nh3 e5 10. O-O-O Be7 11. g4 h5 12. g5 Nfd7 13. Rhf1 b4 14. Nb1 a5 15. f4
Na4 16. Qf2 Rf8 17. f5 Qc7 18. dxe5 dxe5 19. Nd2 1/2-1/2

[Event "4NCL/Div4/PONTY vs. NOTT1"]
[Site "Sunningdale ENG"]
[Date "2008.03.16"]
[Round "8.5"]
[White "Waterfield, John"]
[Black "Webster, Richard J"]
[Result "1-0"]
[WhiteElo "2015"]
[BlackElo "1989"]
[PlyCount "61"]
[EventDate "2008.03.16"]
[EventType "team"]
[EventRounds "11"]
[EventCountry "ENG"]
[SourceDate "2007.09.15"]

1. e4 e6 2. d4 d5 3. Nd2 c5 4. c3 cxd4 5. cxd4 dxe4 6. Nxe4 Bb4+ 7. Nc3 Nf6 8.
Bd3 Bd7 9. Nf3 Bc6 10. O-O h6 11. a3 Be7 12. b4 Nbd7 13. b5 Bd5 14. Bb2 O-O 15.
Ne5 Bd6 16. Qe2 Rc8 17. Rac1 Qe7 18. Rfe1 Bb3 19. Nxd7 Qxd7 20. Ne4 Nxe4 21.
Qxe4 g6 22. Qe3 Ba4 23. d5 e5 24. Qxh6 Bxb5 25. Bxg6 fxg6 26. Qxg6+ Kh8 27.
Qh6+ Kg8 28. Qg6+ Kh8 29. Rxc8 Rxc8 30. Re3 Rf8 31. Rxe5 1-0

[Event "4NCL/Div4/PONTY vs. NOTT1"]
[Site "Sunningdale ENG"]
[Date "2008.03.16"]
[Round "8.6"]
[White "Wright, Antony J"]
[Black "Robinson, David"]
[Result "1-0"]
[WhiteElo "1995"]
[BlackElo "1985"]
[PlyCount "80"]
[EventDate "2008.03.16"]
[EventType "team"]
[EventRounds "11"]
[EventCountry "ENG"]
[SourceDate "2007.09.15"]

1. d4 c5 2. c3 Nf6 3. Bf4 cxd4 4. cxd4 g6 5. Nf3 Bg7 6. Nc3 O-O 7. e3 d6 8. h3
Qb6 9. Qd2 Nc6 10. Be2 Bf5 11. O-O Rfd8 12. Bg5 Rac8 13. Bxf6 Bxf6 14. e4 Bd7
15. Nd5 Qa5 16. Nxf6+ exf6 17. Qf4 Kg7 18. Rfd1 Be8 19. a3 d5 20. e5 fxe5 21.
dxe5 Qc7 22. Qf6+ Kg8 23. Rac1 Rd7 24. Nd4 Nxd4 25. Rxc7 Nxe2+ 26. Kf1 Rdxc7
27. Kxe2 Bb5+ 28. Ke3 Bc6 29. Rc1 Re8 30. Kd4 Rce7 31. f4 Re6 32. Qg5 f6 33.
Qg3 fxe5+ 34. fxe5 Rxe5 35. Qxe5 Rxe5 36. Kxe5 Kf7 37. g3 Ke7 38. Rf1 h6 39.
Rf6 d4 40. Rd6 Bg2 1-0

[Event "4NCL/Div4/ATH vs. GLOSG"]
[Site "Sunningdale ENG"]
[Date "2008.03.16"]
[Round "8.1"]
[White "Hopper, Paul"]
[Black "Lambourne, Daniel M"]
[Result "1-0"]
[WhiteElo "2177"]
[BlackElo "2100"]
[PlyCount "75"]
[EventDate "2008.03.16"]
[EventType "team"]
[EventRounds "11"]
[EventCountry "ENG"]
[SourceDate "2007.09.15"]

1. e4 c5 2. Nc3 Nc6 3. g3 g6 4. Bg2 Bg7 5. d3 d6 6. Be3 Nf6 7. h3 a6 8. f4 Nd4
9. Nce2 Qa5+ 10. c3 Nc6 11. g4 h5 12. g5 Nd7 13. Nf3 Nb6 14. O-O Be6 15. Qd2
Na4 16. Nh4 Bd7 17. f5 gxf5 18. Nxf5 Bf8 19. b3 Nb6 20. b4 cxb4 21. cxb4 Qb5
22. Nc3 Qxb4 23. Rab1 Nc4 24. dxc4 Qxc4 25. Nd5 Rb8 26. Nb6 Qe6 27. h4 Ne5 28.
Nd5 Qg6 29. Nc7+ Kd8 30. Rbc1 Bc6 31. Bb6 Kd7 32. Bh3 Ng4 33. e5 Rc8 34. exd6
e6 35. Nd4 Bxd6 36. Nxc6 bxc6 37. Rcd1 e5 38. Rf6 1-0

[Event "4NCL/Div4/ATH vs. GLOSG"]
[Site "Sunningdale ENG"]
[Date "2008.03.16"]
[Round "8.2"]
[White "Bolt, Graham"]
[Black "McKeown, Paul"]
[Result "1/2-1/2"]
[WhiteElo "2109"]
[BlackElo "2093"]
[PlyCount "69"]
[EventDate "2008.03.16"]
[EventType "team"]
[EventRounds "11"]
[EventCountry "ENG"]
[SourceDate "2007.09.15"]

1. e4 Nf6 2. e5 Nd5 3. c4 Nb6 4. d4 d6 5. exd6 cxd6 6. h3 e5 7. dxe5 dxe5 8.
Qxd8+ Kxd8 9. Nf3 f6 10. Be3 Be6 11. b3 Bb4+ 12. Nbd2 Nc6 13. Bd3 Ke7 14. Rd1
Nd7 15. Bb1 a5 16. O-O a4 17. Nh4 g6 18. Bxg6 hxg6 19. Nxg6+ Kf7 20. Nxh8+ Rxh8
21. f4 exf4 22. Rxf4 axb3 23. axb3 Bd6 24. Rff1 Ke7 25. Ne4 Be5 26. Nc5 Nxc5
27. Bxc5+ Kf7 28. Rf3 Rd8 29. Rxd8 Nxd8 30. g4 Kg6 31. Kg2 Bd7 32. Rd3 Bc6+ 33.
Kf2 Ne6 34. Be3 f5 35. gxf5+ 1/2-1/2

[Event "4NCL/Div4/ATH vs. GLOSG"]
[Site "Sunningdale ENG"]
[Date "2008.03.16"]
[Round "8.3"]
[White "Quinn, John M"]
[Black "Taylor, Geoffrey P"]
[Result "0-1"]
[WhiteElo "2164"]
[BlackElo "2028"]
[PlyCount "120"]
[EventDate "2008.03.16"]
[EventType "team"]
[EventRounds "11"]
[EventCountry "ENG"]
[SourceDate "2007.09.15"]

1. d4 d5 2. c4 e6 3. Nc3 Nf6 4. Bg5 Be7 5. e3 O-O 6. Nf3 Nbd7 7. Rc1 Re8 8.
cxd5 exd5 9. Bd3 Nf8 10. Ne5 c6 11. O-O Be6 12. f4 Rc8 13. f5 Bd7 14. Qb3 Qb6
15. Qxb6 axb6 16. Na4 Bd8 17. Rf3 c5 18. Nxd7 N8xd7 19. Bb5 Re7 20. Bxd7 Rxd7
21. Bxf6 gxf6 22. dxc5 b5 23. Nc3 Rxc5 24. Rd1 b4 25. Ne4 Rc2 26. Rf2 Rc4 27.
Nd2 Rg4 28. h3 Rg5 29. Ne4 Rh5 30. Rf3 Kg7 31. g4 Rh4 32. Nc5 Rc7 33. Rxd5 Be7
34. Nd3 h5 35. Rg3 Kf8 36. Rd4 Rc2 37. Nxb4 Rxb2 38. a3 Rb3 39. Rc4 Bd6 40. Rf3
hxg4 41. hxg4 Rxa3 42. Nd5 Kg7 43. Nb6 Rh2 44. Rc1 Raa2 45. Nc4 Rag2+ 46. Kf1
Rxg4 47. Nxd6 Rh1+ 48. Ke2 Rxc1 49. Ne8+ Kf8 50. Nxf6 Rg2+ 51. Kd3 Rgg1 52. Rh3
Rgd1+ 53. Ke4 b5 54. Nd5 Rh1 55. Rxh1 Rxh1 56. Kd4 Rc1 57. f6 Ke8 58. e4 Kd7
59. e5 Rc4+ 60. Kd3 Ke6 0-1